[Event "SERBIA OPEN 2023 - MASTERS ?????? ???? 2"]
[Site "Belgrade, "]
[Date "2023.07.18"]
[Round "3.73"]
[White "Priyanka, K.."]
[Black "Zmijanac, Dusko"]
[Result "1-0"]
[WhiteElo "2143"]
[BlackElo "1973"]
[PlyCount "74"]
[EventDate "2023.07.16"]

1. e4 c5 2. Nf3 a6 3. g3 g6 4. Bg2 Bg7 5. O-O Nc6 6. c3 e5 7. d3 Nf6 8. d4 d6 9. dxe5 dxe5 10. Qxd8+ Kxd8 11. Be3 b6 12. Nbd2 Ng4 13. Nc4 Kc7 14. h3 b5 15. hxg4 bxc4 16. g5 Rb8 17. Rab1 Rb5 18. a4 Ra5 19. Ra1 Be6 20. Nd2 Rb8 21. Rfb1 Nd4 22. cxd4 cxd4 23. Nxc4 Bxc4 24. b4 Rxa4 25. Rxa4 Bb5 26. Ra3 dxe3 27. Rxe3 Bf8 28. Rf3 Be8 29. Bf1 Rb6 30. Bc4 Bxb4 31. Bxa6 Bd2 32. Rxb6 Kxb6 33. Bc4 Bxg5 34. Bxf7 Bc6 35. Rb3+ Kc5 36. Rc3+ Kd6 37. f3 Bb5 {...} 1-0

[Event "SERBIA OPEN 2023 - MASTERS ?????? ???? 2"]
[Site "Belgrade, "]
[Date "2023.07.18"]
[Round "3.74"]
[White "Gvozdenovic, Milos"]
[Black "Pevzner, Maks"]
[Result "1/2-1/2"]
[WhiteElo "1966"]
[BlackElo "2139"]
[PlyCount "57"]
[EventDate "2023.07.16"]

1. Nf3 Nf6 2. c4 g6 3. b3 Bg7 4. Bb2 d6 5. g3 O-O 6. Bg2 c6 7. O-O e5 8. d3 Qe7 9. Nbd2 Nbd7 10. Qc2 Re8 11. e4 c5 12. Nb1 Nf8 13. Nc3 h6 14. Rae1 g5 15. Kh1 Be6 16. Ng1 Ng6 17. Bc1 Rf8 18. f4 exf4 19. Nd5 Bxd5 20. exd5 Qd8 21. gxf4 Nh5 22. fxg5 hxg5 23. Rf5 Nhf4 24. Bxf4 Nxf4 25. Nh3 Nxh3 26. Bxh3 Be5 27. Qe2 f6 28. Qh5 Qe7 29. Re3 {...} 1/2-1/2

[Event "SERBIA OPEN 2023 - MASTERS ?????? ???? 2"]
[Site "Belgrade, "]
[Date "2023.07.18"]
[Round "3.75"]
[White "Dakic, Marta"]
[Black "Stanojevic, Ilija"]
[Result "1-0"]
[WhiteElo "1884"]
[BlackElo "2133"]
[PlyCount "94"]
[EventDate "2023.07.16"]

1. e4 c5 2. Nf3 d6 3. d4 cxd4 4. Nxd4 Nf6 5. Nc3 a6 6. f3 e5 7. Nb3 Be7 8. Be3 Be6 9. Qd2 h5 10. Nd5 Nxd5 11. exd5 Bf5 12. Bd3 Bxd3 13. Qxd3 Nd7 14. O-O-O Bg5 15. Bxg5 Qxg5+ 16. Kb1 Rc8 17. Qe2 O-O 18. h4 Qg6 19. g4 Nf6 20. gxh5 Qxh5 21. Rhg1 e4 22. Qg2 g6 23. fxe4 Rfe8 24. Nd2 Rc7 25. Rdf1 Kg7 26. Rf4 Rce7 27. Qf2 Nh7 28. Rf5 Qh6 29. h5 g5 30. Qd4+ f6 31. Rh1 Re5 32. Rxe5 fxe5 33. Qb6 g4 34. Qxb7+ Kh8 35. Qd7 Rf8 36. Nb3 g3 37. Qh3 Qe3 38. h6 Qxe4 39. Rg1 Rg8 40. Qg2 Qe3 41. Nd2 Nf6 42. Nc4 Qc5 43. Qf1 Kh7 44. Qf5+ Kh8 45. Qxf6+ Kh7 46. Qf7+ Kh8 47. Qf1 Rd8 1-0

[Event "SERBIA OPEN 2023 - MASTERS ?????? ???? 2"]
[Site "Belgrade, "]
[Date "2023.07.18"]
[Round "3.76"]
[White "Tregubenko, Nikolay"]
[Black "Sakmak, Kutay"]
[Result "1-0"]
[WhiteElo "2130"]
[BlackElo "1874"]
[PlyCount "117"]
[EventDate "2023.07.16"]

1. e4 e5 2. Nf3 Nc6 3. d4 exd4 4. Nxd4 Qf6 5. Nxc6 Bc5 6. Qf3 dxc6 7. Nc3 Be6 8. Be3 Qxf3 9. gxf3 Bxe3 10. fxe3 O-O-O 11. Rg1 g6 12. Ne2 Ne7 13. Nd4 Bd7 14. h4 Rhf8 15. h5 c5 16. Nb5 Nc6 17. O-O-O Be6 18. Rxd8+ Rxd8 19. Be2 Nb4 20. Nc3 Nc6 21. f4 Ne7 22. hxg6 hxg6 23. Rh1 c6 24. a3 Kc7 25. Rh7 Kd7 26. Nd1 Ke8 27. Nf2 Kf8 28. Ng4 Bxg4 29. Bxg4 Kg8 30. Rh2 f5 31. exf5 gxf5 32. Bf3 Kg7 33. b3 Ng8 34. Rh5 Nh6 35. Rg5+ Kf6 36. e4 Rd4 37. e5+ Kf7 38. Bh5+ Kf8 39. Rg6 Ng8 40. Re6 Rxf4 41. Re8+ Kg7 42. Rb8 Kh6 43. Bf7 Ne7 44. Rxb7 Nd5 45. Rxa7 c4 46. Bxd5 cxd5 47. Rd7 cxb3 48. cxb3 Rd4 49. a4 f4 50. a5 Rb4 51. Kc2 Rb5 52. Rf7 Rxa5 53. Rxf4 Kg5 54. Rf1 Rb5 55. Re1 Rb8 56. Kc3 Kg6 57. e6 Re8 58. e7 Kf7 59. Kd4 1-0

[Event "SERBIA OPEN 2023 - MASTERS ?????? ???? 2"]
[Site "Belgrade, "]
[Date "2023.07.18"]
[Round "3.77"]
[White "Teo, Hong Ming"]
[Black "Andrijevic, Milan"]
[Result "1/2-1/2"]
[WhiteElo "1939"]
[BlackElo "2125"]
[PlyCount "68"]
[EventDate "2023.07.16"]

1. d4 d5 2. c4 e6 3. Nc3 Nf6 4. cxd5 exd5 5. Bg5 Be7 6. e3 c6 7. Bd3 O-O 8. Qc2 Nbd7 9. Nge2 Re8 10. O-O Nf8 11. f3 Nh5 12. Bxe7 Qxe7 13. e4 dxe4 14. fxe4 Be6 15. Rf2 c5 16. Bb5 Red8 17. d5 Bd7 18. Raf1 Nf6 19. Rxf6 gxf6 20. Ng3 Qe5 21. Bxd7 Nxd7 22. Nf5 Kh8 23. Nb5 Nf8 24. Qd2 Ng6 25. Qh6 Rg8 26. Nbd6 Raf8 27. Rf2 b6 28. h4 Ne7 29. Nc4 Nxf5 30. Qxf8 Qxe4 31. Qxf7 Rxg2+ 32. Rxg2 Qe1+ 33. Kh2 Qxh4+ 34. Kg1 Qe1+ 1/2-1/2

[Event "SERBIA OPEN 2023 - MASTERS ?????? ???? 2"]
[Site "Belgrade, "]
[Date "2023.07.18"]
[Round "3.79"]
[White "Jin, Yueheng"]
[Black "Ilic, Ilija"]
[Result "1-0"]
[WhiteElo "2113"]
[BlackElo "1787"]
[PlyCount "49"]
[EventDate "2023.07.16"]

1. d4 d6 2. e4 Nf6 3. Bd3 g6 4. Nf3 Bg7 5. O-O O-O 6. c3 Nc6 7. Na3 e5 8. Nc2 a6 9. h3 Nh5 10. Re1 Bd7 11. a4 Qe8 12. a5 Nd8 13. dxe5 dxe5 14. Nb4 c6 15. Bc4 Be6 16. Bf1 Qe7 17. Be3 f6 18. Nd3 Qc7 19. Nc5 Qf7 20. Nxe6 Nxe6 21. Bc4 Rfe8 22. Qb3 Kh8 23. g4 Nhf4 24. Bxf4 exf4 25. e5 {...} 1-0

[Event "SERBIA OPEN 2023 - MASTERS ?????? ???? 2"]
[Site "Belgrade, "]
[Date "2023.07.18"]
[Round "3.80"]
[White "Oktem, Ege Tuna"]
[Black "Lapitsky, Sergey"]
[Result "1-0"]
[WhiteElo "2112"]
[BlackElo "1750"]
[PlyCount "71"]
[EventDate "2023.07.16"]

1. e4 c5 2. c3 Nf6 3. e5 Nd5 4. Nf3 Nc6 5. d4 cxd4 6. cxd4 d6 7. Bc4 Nb6 8. Bb3 dxe5 9. d5 Na5 10. Nc3 Nxb3 11. Qxb3 e6 12. Nxe5 exd5 13. Qb5+ Bd7 14. Nxd7 Qxd7 15. O-O Qxb5 16. Nxb5 Kd7 17. Be3 Be7 18. Rad1 Bf6 19. b3 Rhc8 20. a4 Ke7 21. Rfe1 Kf8 22. a5 Nd7 23. Rxd5 Ne5 24. Bxa7 Nc6 25. Bc5+ Be7 26. Bxe7+ Nxe7 27. Rd7 Nf5 28. b4 Rc4 29. Rb1 Rac8 30. h3 Rc1+ 31. Rxc1 Rxc1+ 32. Kh2 Rc2 33. Rxb7 Rxf2 34. a6 Ne3 35. a7 Rxg2+ 36. Kh1 1-0

[Event "SERBIA OPEN 2023 - MASTERS ?????? ???? 2"]
[Site "Belgrade, "]
[Date "2023.07.18"]
[Round "3.81"]
[White "Hristova, Ivelina"]
[Black "Abdinova, Narmin"]
[Result "0-1"]
[WhiteElo "1807"]
[BlackElo "2110"]
[PlyCount "52"]
[EventDate "2023.07.16"]

1. e4 d5 2. exd5 Nf6 3. Nf3 Nxd5 4. d4 Bf5 5. Bd3 Bg4 6. Be2 e6 7. c4 Nb6 8. h3 Bh5 9. O-O Nc6 10. b3 Be7 11. Bb2 O-O 12. Nbd2 a5 13. a3 Bg6 14. Re1 Bf6 15. Nf1 Qd7 16. Ne5 Bxe5 17. dxe5 Rad8 18. Ne3 Qe7 19. Qc1 Qg5 20. Qc3 Nd7 21. Rad1 Qxe5 22. Qd2 Qc5 23. Qc3 e5 24. Nd5 Nd4 25. Rf1 Nb6 26. Nxb6 Qxb6 {...} 0-1

[Event "SERBIA OPEN 2023 - MASTERS ?????? ???? 2"]
[Site "Belgrade, "]
[Date "2023.07.18"]
[Round "3.82"]
[White "Taran, Egor A"]
[Black "Kim, Andrey"]
[Result "0-1"]
[WhiteElo "1741"]
[BlackElo "2093"]
[PlyCount "72"]
[EventDate "2023.07.16"]

1. e4 c6 2. d4 d5 3. e5 Bf5 4. h4 h6 5. g4 Bd7 6. h5 c5 7. c3 Nc6 8. Na3 Qa5 9. dxc5 Nxe5 10. b4 Qd8 11. Be2 e6 12. Bf4 Nc6 13. Nf3 a6 14. Nc2 Nf6 15. Ne5 Ne4 16. Nxc6 bxc6 17. Qd4 Be7 18. f3 Bh4+ 19. Rxh4 Qxh4+ 20. Kd1 Nf6 21. Kd2 O-O 22. Rg1 Nh7 23. Bd3 Ng5 24. Ne1 Nh3 25. Bg3 Qg5+ 26. f4 e5 27. fxg5 exd4 28. Rf1 dxc3+ 29. Kxc3 Nxg5 30. Rf4 a5 31. a3 axb4+ 32. axb4 Ra3+ 33. Kb2 Rfa8 34. Bh4 Ne6 35. Rf1 Nd4 36. Nc2 Rxd3 0-1

[Event "SERBIA OPEN 2023 - MASTERS ?????? ???? 2"]
[Site "Belgrade, "]
[Date "2023.07.18"]
[Round "3.83"]
[White "Javadov, Habil"]
[Black "Enkhbolor, Nyamdavaa"]
[Result "1-0"]
[WhiteElo "2091"]
[BlackElo "1745"]
[PlyCount "47"]
[EventDate "2023.07.16"]

1. d4 Nf6 2. Nf3 g6 3. Bf4 Bg7 4. e3 O-O 5. Be2 d5 6. h3 c5 7. c3 b6 8. Nbd2 Bb7 9. O-O Nc6 10. a4 Nd7 11. Re1 e5 12. dxe5 Ndxe5 13. Nxe5 Nxe5 14. a5 Re8 15. Qa4 Qf6 16. Bb5 Red8 17. a6 Bc8 18. Rad1 Bf5 19. Bxe5 Qxe5 20. Bc6 Rab8 21. Nf3 Qe4 22. Qxe4 dxe4 23. Ng5 Bf6 24. Nxe4 {...} 1-0

[Event "SERBIA OPEN 2023 - MASTERS ?????? ???? 2"]
[Site "Belgrade, "]
[Date "2023.07.18"]
[Round "3.84"]
[White "Poorna, Sri M.K"]
[Black "Dimitrijevic, Dusan"]
[Result "1-0"]
[WhiteElo "1736"]
[BlackElo "2085"]
[PlyCount "71"]
[EventDate "2023.07.16"]

1. e4 c6 2. d4 d5 3. e5 Bf5 4. Nf3 e6 5. Be2 Be7 6. O-O h5 7. Nbd2 Nd7 8. Nb3 Nh6 9. a4 Bg4 10. h3 Bxf3 11. Bxf3 g6 12. Bxh6 Rxh6 13. a5 a6 14. c4 Bg5 15. Be2 Rh8 16. f4 Bh6 17. c5 h4 18. Bd3 Qe7 19. Nd2 O-O-O 20. Qe2 Kc7 21. Nb1 f5 22. Nc3 g5 23. b4 Rhg8 24. b5 g4 25. b6+ Kb8 26. Bxa6 gxh3 27. Rf2 Nxc5 28. Bxb7 Kxb7 29. a6+ Ka8 30. Nb5 cxb5 31. Qxb5 Rc8 32. b7+ Ka7 33. Rb2 h2+ 34. Kh1 Qc7 35. bxc8=Q Rxc8 36. Qb7+ 1-0

[Event "SERBIA OPEN 2023 - MASTERS ?????? ???? 2"]
[Site "Belgrade, "]
[Date "2023.07.18"]
[Round "3.85"]
[White "Zoric, Savo"]
[Black "Shadyev, Damir"]
[Result "1/2-1/2"]
[WhiteElo "2083"]
[BlackElo "1741"]
[PlyCount "96"]
[EventDate "2023.07.16"]

1. Nf3 Nf6 2. g3 g6 3. Bg2 Bg7 4. O-O O-O 5. d4 d6 6. b3 a5 7. Bb2 Nbd7 8. c4 c6 9. Nbd2 Re8 10. Qc2 e5 11. dxe5 dxe5 12. e4 Qc7 13. c5 Nf8 14. Nc4 N6d7 15. Nd6 Re7 16. Bh3 h6 17. Rfd1 Ne6 18. Bxe6 Rxe6 19. Ba3 Nf8 20. Rd3 Re7 21. Nxc8 Rxc8 22. Rad1 Ne6 23. Bb2 Rf8 24. Rd6 f6 25. Qc4 Rfe8 26. Bc1 Kh7 27. Be3 f5 28. exf5 gxf5 29. Qc2 Rf8 30. Nh4 e4 31. Nxf5 Rxf5 32. Qxe4 Nd4 33. Qd3 Nf3+ 34. Kh1 Ree5 35. g4 Rd5 36. Qe2 Rxd1+ 37. Qxd1 Rf7 38. Qd3+ Kh8 39. Bxh6 Ne5 40. Bxg7+ Rxg7 41. Rd8+ Rg8 42. Rxg8+ Kxg8 43. Qe4 Qg7 44. h3 Ng6 45. Kg2 Qf6 46. Kg3 Qh4+ 47. Kg2 Qf6 48. Kg3 Qh4+ 1/2-1/2

[Event "SERBIA OPEN 2023 - MASTERS ?????? ???? 2"]
[Site "Belgrade, "]
[Date "2023.07.18"]
[Round "3.86"]
[White "Simonovic, Miroslav"]
[Black "Mijic, Sara"]
[Result "1-0"]
[WhiteElo "2082"]
[BlackElo "1736"]
[PlyCount "63"]
[EventDate "2023.07.16"]

1. c4 Nf6 2. Nc3 g6 3. g3 d5 4. cxd5 Nxd5 5. Bg2 c6 6. d4 Bg7 7. e4 Nxc3 8. bxc3 e5 9. d5 O-O 10. Ne2 cxd5 11. exd5 Bf5 12. O-O Nd7 13. Ba3 Re8 14. c4 Rc8 15. Qb3 b6 16. Rfd1 e4 17. Nd4 Bxd4 18. Rxd4 Qf6 19. Bb2 Qd6 20. Re1 Nc5 21. Qe3 Qd7 22. Ba1 Nd3 23. Rf1 Nc5 24. Rd2 Qd6 25. h3 Bd7 26. g4 f6 27. g5 Re5 28. gxf6 Rh5 29. f4 Kf7 30. Be5 Rxe5 31. fxe5 Qxe5 32. Qh6 1-0

[Event "SERBIA OPEN 2023 - MASTERS ?????? ???? 2"]
[Site "Belgrade, "]
[Date "2023.07.18"]
[Round "3.87"]
[White "Sakotic, Nikola"]
[Black "Debevec, Blaz"]
[Result "1/2-1/2"]
[WhiteElo "1631"]
[BlackElo "2077"]
[PlyCount "70"]
[EventDate "2023.07.16"]

1. d4 d6 2. e4 Nf6 3. Nc3 e5 4. Nf3 Nbd7 5. Bc4 Be7 6. O-O c6 7. a4 b6 8. Re1 h6 9. d5 c5 10. a5 g5 11. Bd2 Kf8 12. Bf1 Nh5 13. Be3 Nf4 14. Nd2 Nf6 15. axb6 Qxb6 16. Nc4 Qd8 17. Na5 a6 18. Nc6 Qc7 19. Qb1 Bb7 20. Na5 Kg7 21. g3 Ng6 22. b4 Rhb8 23. b5 axb5 24. Nxb5 Qc8 25. c4 Ne8 26. Qc2 Bd8 27. Bd2 Ne7 28. Nxb7 Qxb7 29. Bc3 f6 30. Rxa8 Rxa8 31. Ra1 Rxa1 32. Bxa1 Nc7 33. Qa4 Nxb5 34. cxb5 Qb6 35. Bc3 Nc8 {...} 1/2-1/2

[Event "SERBIA OPEN 2023 - MASTERS ?????? ???? 2"]
[Site "Belgrade, "]
[Date "2023.07.18"]
[Round "3.88"]
[White "Vujovic, Vera"]
[Black "Divitt, Arora"]
[Result "0-1"]
[WhiteElo "2054"]
[BlackElo "1682"]
[PlyCount "133"]
[EventDate "2023.07.16"]

1. e4 e5 2. Nf3 Nc6 3. Bb5 a6 4. Ba4 Nf6 5. O-O Be7 6. Re1 b5 7. Bb3 d6 8. c3 O-O 9. h3 Na5 10. Bc2 c5 11. d4 Qc7 12. Nbd2 cxd4 13. cxd4 Nc6 14. d5 Nb4 15. Bb1 a5 16. Nf1 Bd7 17. a3 Na6 18. g4 Rfc8 19. Ng3 Nc5 20. Nf5 Bxf5 21. gxf5 Nh5 22. Kh1 Bf6 23. Nh2 Nf4 24. Ng4 Bg5 25. Qf3 h5 26. Nh2 Nd7 27. Bxf4 Bxf4 28. Qxh5 Nf6 29. Qe2 Qc5 30. Rg1 Kf8 31. Bd3 Rab8 32. Rg2 Bh6 33. Rag1 Ke7 34. Ng4 Bf4 35. Nxf6 gxf6 36. b4 Rh8 37. Qf3 axb4 38. axb4 Qxb4 39. Ra1 Qc5 40. Ra5 Rh7 41. Bf1 Rbh8 42. Rg1 Qb6 43. Qa3 Rxh3+ 44. Bxh3 Rxh3+ 45. Qxh3 Qxa5 46. Qb3 Qb6 47. Qc2 Qb7 48. Rg8 Kd7 49. Qe2 b4 50. Qh5 Kc7 51. Qxf7+ Kb6 52. Qxf6 Qh7+ 53. Kg2 Qxg8+ 54. Kf3 Kc5 55. Qe7 Qb8 56. f6 b3 57. f7 b2 58. f8=Q b1=Q 59. Qxb8 Qxb8 60. Qd7 Qb6 61. Kg4 Qa6 62. Kf5 Kd4 63. f3 Ke3 64. Kg4 Qa3 65. Qc6 Ke2 66. Kf5 Kxf3 67. Qc2 {...} 0-1

[Event "SERBIA OPEN 2023 - MASTERS ?????? ???? 2"]
[Site "Belgrade, "]
[Date "2023.07.18"]
[Round "3.89"]
[White "Grigorieva, Sofia"]
[Black "Morvekar, Kedar"]
[Result "0-1"]
[WhiteElo "1496"]
[BlackElo "2049"]
[PlyCount "48"]
[EventDate "2023.07.16"]

1. d4 Nf6 2. c4 g6 3. Nc3 Bg7 4. e4 d6 5. Be2 O-O 6. Be3 Nbd7 7. g4 c5 8. d5 Qa5 9. Qd2 a6 10. f3 Ne8 11. Rc1 b5 12. b3 b4 13. Nb1 Qd8 14. h4 Nef6 15. h5 Re8 16. hxg6 fxg6 17. Bh6 Bh8 18. Nh3 Ne5 19. Qg5 e6 20. Nf4 exd5 21. Nxd5 Nxd5 22. Qxd8 Rxd8 23. cxd5 Bd7 24. Nd2 Bb5 {...} 0-1

[Event "SERBIA OPEN 2023 - MASTERS ?????? ???? 2"]
[Site "Belgrade, "]
[Date "2023.07.18"]
[Round "3.90"]
[White "Dumbelovic, Novak"]
[Black "Drazic, Sinisa"]
[Result "0-1"]
[WhiteElo "2044"]
[BlackElo "2374"]
[PlyCount "103"]
[EventDate "2023.07.16"]

1. e4 e6 2. d4 d5 3. Nc3 h6 4. Bd3 Nc6 5. Nf3 Nb4 6. Bb5+ c6 7. Be2 Nf6 8. e5 Ne4 9. a3 Nxc3 10. bxc3 Na6 11. c4 Be7 12. c3 Nc7 13. O-O b6 14. Bd3 Ba6 15. Qe2 Bxc4 16. Bxc4 dxc4 17. Qxc4 Qd5 18. Qa4 b5 19. Qc2 O-O 20. a4 a6 21. Ba3 Bxa3 22. Rxa3 c5 23. c4 Qxc4 24. Qxc4 bxc4 25. dxc5 Rab8 26. Rc3 Rb4 27. Nd2 Nd5 28. Rxc4 Rxc4 29. Nxc4 Rc8 30. Nd6 Rxc5 31. Rb1 Nc3 32. Rb8+ Kh7 33. Nxf7 Ne2+ 34. Kf1 Nf4 35. f3 Rc1+ 36. Kf2 Rc2+ 37. Ke3 Nxg2+ 38. Kd4 Ra2 39. Rb4 Nf4 40. Rc4 Kg6 41. Nd6 Rxh2 42. Rc6 a5 43. Ra6 h5 44. Rxa5 h4 45. Ke4 Nh5 46. f4 Rf2 47. f5+ exf5+ 48. Ke3 Rf1 49. Ke2 Ng3+ 50. Kd2 f4 51. Ra8 Rf2+ 52. Kd3 {...} 0-1

[Event "SERBIA OPEN 2023 - MASTERS СРБИЈА"]
[Site "Belgrade, "]
[Date "2023.07.18"]
[Round "3.91"]
[White "Hilverda, Alexander"]
[Black "Hemanth, Raam"]
[Result "1/2-1/2"]
[WhiteElo "2256"]
[BlackElo "2042"]
[PlyCount "82"]
[EventDate "2023.07.16"]

1. d4 Nf6 2. Nf3 c5 3. d5 e6 4. c4 exd5 5. cxd5 d6 6. Nc3 g6 7. h3 Bg7 8. e4 O-O 9. Bd3 Re8 10. O-O a6 11. a4 Nbd7 12. Re1 b6 13. Bf4 Qc7 14. Bf1 Bb7 15. Qd2 Rac8 16. Rad1 Qb8 17. Bh2 Ne5 18. Nxe5 dxe5 19. Bc4 Qd6 20. Rf1 Nd7 21. Be2 Rc7 22. Nb1 c4 23. Rc1 b5 24. axb5 axb5 25. Na3 Ba6 26. Qa5 Rb8 27. b4 Ra7 28. Nc2 Raa8 29. Ra1 f5 30. exf5 gxf5 31. Nd4 Rb6 32. Qa3 Bb7 33. Qf3 Rxa1 34. Rxa1 Qxd5 35. Qxd5+ Bxd5 36. Nxf5 Bf8 37. Ne3 Be6 38. Ra8 Rb8 39. Ra6 Rb6 40. Ra8 Rb8 41. Ra6 Rb6 1/2-1/2

[Event "SERBIA OPEN 2023 - MASTERS СРБИЈА"]
[Site "Belgrade, "]
[Date "2023.07.18"]
[Round "3.92"]
[White "Argote Heredia, Valentina"]
[Black "Stefanovic, Bosko"]
[Result "1/2-1/2"]
[WhiteElo "2228"]
[BlackElo "2039"]
[PlyCount "41"]
[EventDate "2023.07.16"]

1. e4 c5 2. Nf3 e6 3. d4 cxd4 4. Nxd4 a6 5. c4 Nf6 6. Nc3 Bb4 7. Qd3 d5 8. exd5 exd5 9. Be2 O-O 10. O-O Nc6 11. Nxc6 bxc6 12. Bg5 Be6 13. Rad1 h6 14. Bh4 Bxc3 15. bxc3 dxc4 16. Qf3 Bd5 17. Qf5 Qe7 18. Rd4 Qxe2 19. Bxf6 Qe6 20. Qxe6 Bxe6 21. Be5 {Unreadable} 1/2-1/2

[Event "SERBIA OPEN 2023 - MASTERS СРБИЈА"]
[Site "Belgrade, "]
[Date "2023.07.18"]
[Round "3.93"]
[White "Celik, Ali Alper"]
[Black "Zakurdjaeva, Irina"]
[Result "1-0"]
[WhiteElo "2038"]
[BlackElo "2212"]
[PlyCount "49"]
[EventDate "2023.07.16"]

1. e4 c5 2. Nc3 Nc6 3. Bb5 Nd4 4. Bc4 g6 5. Nf3 Bg7 6. Nxd4 cxd4 7. Qf3 Nh6 8. Ne2 O-O 9. d3 Ng4 10. Bb3 d6 11. h3 Ne5 12. Qg3 Nc6 13. h4 Qd7 14. h5 Qg4 15. hxg6 Qxg6 16. Bg5 e5 17. f4 exf4 18. Nxf4 Be5 19. O-O-O Bxf4+ 20. Qxf4 h5 21. Rdf1 Be6 22. Qh4 Bg4 23. Rf6 Qh7 24. Bh6 Ne5 25. Qg5+ 1-0

[Event "SERBIA OPEN 2023 - MASTERS СРБИЈА"]
[Site "Belgrade, "]
[Date "2023.07.18"]
[Round "3.94"]
[White "Garabetyan, Arno"]
[Black "Fuentes Godoy, Lilia Ivonne"]
[Result "0-1"]
[WhiteElo "2035"]
[BlackElo "2196"]
[PlyCount "143"]
[EventDate "2023.07.16"]

1. d4 d5 2. c4 e6 3. Nf3 Nf6 4. g3 Be7 5. Bg2 O-O 6. O-O c6 7. Qc2 b6 8. Nbd2 c5 9. dxc5 bxc5 10. e4 Nc6 11. exd5 exd5 12. cxd5 Nb4 13. Qb3 Nbxd5 14. Nc4 Ba6 15. a3 Rb8 16. Qc2 Qc8 17. Nfe5 Rd8 18. Re1 Bb5 19. Bd2 Re8 20. b3 Nb6 21. a4 Nxc4 22. bxc4 Bd7 23. Nxd7 Qxd7 24. Bf4 Rb4 25. Bd2 Rbb8 26. Bf4 Rb4 27. Rad1 Qc8 28. Bd2 Rb6 29. a5 Rd6 30. Bf4 Rxd1 31. Rxd1 Rd8 32. Bf3 Rxd1+ 33. Qxd1 Kf8 34. Qa4 Ne8 35. Bd5 Bd6 36. Bxd6+ Nxd6 37. Kg2 Nf5 38. Qc2 g6 39. Qc3 Nd4 40. Qe3 Qc7 41. Qa3 Kg7 42. h4 Qe7 43. a6 Qd6 44. Qa5 Qe7 45. Qa4 h6 46. Qa1 Qe2 47. Qb1 Nc2 48. Qc1 Ne1+ 49. Kg1 Nd3 50. Qa1+ f6 51. Qf1 Qxf1+ 52. Kxf1 Nb4 53. Bb7 Kf7 54. Ke2 Ke6 55. Ke3 Kd6 56. g4 Ke6 57. Bc8+ Kd6 58. Ke4 Nc6 59. f4 Ne7 60. Bb7 f5+ 61. Kf3 Kc7 62. h5 gxh5 63. gxf5 Nxf5 64. Kg2 Ne3+ 65. Kh3 Nxc4 66. f5 Nd6 67. f6 c4 68. Bd5 c3 69. Bb3 Kd7 70. Kh4 Ne4 71. f7 Ke7 72. Kxh5 {Unreadable} 0-1

[Event "SERBIA OPEN 2023 - MASTERS СРБИЈА"]
[Site "Belgrade, "]
[Date "2023.07.18"]
[Round "3.95"]
[White "Radojicic, Aleksandar M"]
[Black "Srdanovic, Jovana"]
[Result "0-1"]
[WhiteElo "2203"]
[BlackElo "2032"]
[PlyCount "58"]
[EventDate "2023.07.16"]

1. Nf3 d5 2. c4 c6 3. e3 Nf6 4. Qc2 e6 5. b3 Nbd7 6. Bb2 Bd6 7. Nc3 O-O 8. d4 Qe7 9. Be2 b6 10. O-O Bb7 11. Rad1 Rac8 12. Rfe1 c5 13. cxd5 exd5 14. Qb1 Rfe8 15. Qa1 a6 16. h3 Bb8 17. Bf1 Qe6 18. Ne2 Qf5 19. Nd2 Qg6 20. Qb1 Ne4 21. dxc5 Ndxc5 22. Nf3 Rcd8 23. Bd4 Bc8 24. g3 Qh5 25. Bg2 Bxh3 26. Nh2 Bxg2 27. Kxg2 Nxf2 28. Nf3 Nce4 29. Rc1 Qh3+ 0-1

[Event "SERBIA OPEN 2023 - MASTERS СРБИЈА"]
[Site "Belgrade, "]
[Date "2023.07.18"]
[Round "3.96"]
[White "Vlahovic, Milan"]
[Black "Ostojic, Katarina"]
[Result "1/2-1/2"]
[WhiteElo "2182"]
[BlackElo "2009"]
[PlyCount "94"]
[EventDate "2023.07.16"]

1. d4 Nf6 2. Nf3 g6 3. c4 Bg7 4. g3 O-O 5. Bg2 c5 6. d5 b5 7. cxb5 d6 8. O-O a6 9. bxa6 Bf5 10. Nfd2 Nxa6 11. e4 Bd7 12. Nc3 Nb4 13. Nc4 Bg4 14. f3 Bc8 15. Re1 Nd7 16. Bg5 Ne5 17. Nxe5 Bxe5 18. a3 Na6 19. Bh6 Bd4+ 20. Kh1 Re8 21. Qd2 Qb6 22. Rab1 Bd7 23. Be3 Bxe3 24. Qxe3 Rab8 25. Bf1 Rec8 26. Bc4 Nc7 27. a4 Qa5 28. b3 Na8 29. e5 Bf5 30. Rbd1 dxe5 31. g4 Bd7 32. Qxe5 Re8 33. Ne4 Nb6 34. d6 Nxc4 35. bxc4 f6 36. Qd5+ Kg7 37. Qxc5 Qxc5 38. Nxc5 Bc6 39. Ne6+ Kf7 40. Nd4 Bxa4 41. Ra1 exd6 42. Rxe8 Bxe8 43. Ra7+ Kg8 44. Ra6 Rc8 45. Rxd6 Rxc4 46. Kg2 Kf7 47. Nb3 Rc6 1/2-1/2

[Event "SERBIA OPEN 2023 - MASTERS СРБИЈА"]
[Site "Belgrade, "]
[Date "2023.07.18"]
[Round "3.97"]
[White "Mandura, Tijana"]
[Black "Arsovic, Zoran"]
[Result "1/2-1/2"]
[WhiteElo "2174"]
[BlackElo "2393"]
[PlyCount "24"]
[EventDate "2023.07.16"]

1. e4 c5 2. Nf3 e6 3. d4 cxd4 4. Nxd4 Nc6 5. Nc3 a6 6. Be3 Qc7 7. Qd2 Nf6 8. f3 Be7 9. O-O-O O-O 10. g4 Rd8 11. g5 Ne8 12. h4 b5 1/2-1/2

[Event "SERBIA OPEN 2023 - MASTERS СРБИЈА"]
[Site "Belgrade, "]
[Date "2023.07.18"]
[Round "3.98"]
[White "Kalogridis, Themistoklis"]
[Black "Chelushkina, Irina"]
[Result "1-0"]
[WhiteElo "1746"]
[BlackElo "2162"]
[PlyCount "35"]
[EventDate "2023.07.16"]

1. d4 Nf6 2. Nc3 d5 3. Bf4 c6 4. e3 a5 5. Nf3 Na6 6. Ne5 Nc7 7. g4 Ne6 8. Bg3 a4 9. a3 h5 10. gxh5 Nxh5 11. Bd3 Qb6 12. Rb1 Nxg3 13. fxg3 Rh6 14. O-O Nd8 15. Qf3 Be6 16. Bg6 c5 17. Nxd5 Qd6 18. Nxf7 1-0

[Event "SERBIA OPEN 2023 - MASTERS СРБИЈА"]
[Site "Belgrade, "]
[Date "2023.07.18"]
[Round "3.100"]
[White "Pantovic, Dragan M"]
[Black "Omarsson, Josef"]
[Result "1-0"]
[WhiteElo "2057"]
[BlackElo "1710"]
[PlyCount "118"]
[EventDate "2023.07.16"]

1. d4 Nf6 2. c4 g6 3. g3 Bg7 4. Bg2 O-O 5. Nf3 d6 6. O-O Nc6 7. Nc3 a6 8. h3 Bd7 9. Nd5 Nxd5 10. cxd5 Na7 11. e4 c6 12. dxc6 Nxc6 13. Be3 Rc8 14. Rc1 Nb4 15. Qb3 Nc6 16. Qxb7 Rb8 17. Qxa6 Rxb2 18. Rxc6 Bxc6 19. Qxc6 Rxa2 20. e5 dxe5 21. dxe5 e6 22. h4 Qa5 23. Bf4 Rd8 24. Bg5 Rb8 25. Be7 Ra1 26. Bd6 Rxf1+ 27. Bxf1 Ra8 28. Ng5 h6 29. Bg2 Qe1+ 30. Kh2 Rd8 31. Qc7 hxg5 32. Qxd8+ Kh7 33. Qxg5 Qxf2 34. Qf4 Qxf4 35. gxf4 Kg8 36. Kg3 f6 37. exf6 Bxf6 38. Be5 Be7 39. Kg4 Kf7 40. Be4 Bd8 41. h5 gxh5+ 42. Kxh5 Bb6 43. Kg4 Be3 44. Kf3 Bc1 45. Ke2 Ke7 46. Kd3 Kd7 47. Kc4 Bd2 48. Kb5 Bc1 49. Bc6+ Ke7 50. Kb6 Bd2 51. Bb5 Be3+ 52. Kc6 Bd2 53. Bc4 Bc1 54. Bd6+ Kf6 55. Kd7 Bxf4 56. Bxf4 e5 57. Be3 Kf5 58. Bd3+ e4 59. Be2 Ke5 1-0

[Event "SERBIA OPEN 2023 - MASTERS СРБИЈА"]
[Site "Belgrade, "]
[Date "2023.07.18"]
[Round "3.101"]
[White "Guha, Rohit"]
[Black "Demirkol, Kerim Calvelo"]
[Result "1-0"]
[WhiteElo "2016"]
[BlackElo "1673"]
[PlyCount "105"]
[EventDate "2023.07.16"]

1. d4 Nf6 2. c4 g6 3. Nc3 Bg7 4. e4 d6 5. Nf3 O-O 6. Be2 e5 7. Be3 Ng4 8. Bg5 f6 9. Bh4 Nc6 10. d5 Ne7 11. Nd2 f5 12. Bxg4 fxg4 13. Bg5 h6 14. Be3 c5 15. Rb1 g5 16. Nf1 b6 17. Ng3 Ng6 18. O-O Nf4 19. b4 cxb4 20. Rxb4 h5 21. a4 h4 22. Nf5 Rxf5 23. exf5 Bxf5 24. g3 Nd3 25. Rb3 e4 26. Nxe4 Bxe4 27. Rxd3 Bxd3 28. Qxd3 Rc8 29. Qe4 Qd7 30. Bxg5 hxg3 31. hxg3 Re8 32. Qg6 Rf8 33. Re1 Qf5 34. Qe6+ Kh7 35. Qxf5+ Rxf5 36. Bf4 Be5 37. Re4 Bxf4 38. gxf4 Kg6 39. Re6+ Rf6 40. Rxf6+ Kxf6 41. Kg2 Kg6 42. Kg3 Kh5 43. f5 Kg5 44. f6 Kxf6 45. Kxg4 Kg6 46. f4 a6 47. f5+ Kh6 48. Kh4 a5 49. Kg4 Kh7 50. Kg5 Kg7 51. f6+ Kg8 52. Kg6 Kf8 53. f7 1-0